| 000 | 01138nam a2200229 a 4500 | ||
|---|---|---|---|
| 001 | 000131577 | ||
| 003 | AM-YEHGA | ||
| 005 | 20250617122740.0 | ||
| 008 | 991101s1981 ru ||||gr|||||||||0|rus|d | ||
| 040 | _aAM-YeHGA | ||
| 041 | 0 | _arus | |
| 100 | 1 | _aШульга, Виталий Федорович | |
| 245 | 1 | 0 |
_aНижнекарбоновая угленосная формация Донецкого бассейна / _cВ.Ф. Шульга ; Отв. ред. Г.Ф. Крашенинников ; АН СССР, Ин-т горного дела им. А.А. Скочинского, Моск. о-во испытателей природы. |
| 260 |
_aМосква : _bНаука, _c1981. |
||
| 300 | _a176 с. | ||
| 650 | 1 | 4 |
_aУгленосные отложения _xКарбон _zДонецкий угольный бассейн |
| 700 | 1 |
_aКрашенинников, Г.Ф. _eред. _4edt |
|
| 710 | 2 | _aИнститут горного дела им. А.А. Скочинского АН СССР | |
| 710 | 2 | _aМосковское общество испытателей природы. | |
| 942 |
_2udc _cBK |
||
| 090 | _c44715 | ||
| 999 |
_c43994 _d43994 |
||